Production Engineering and Science (Record no. 4059)

MARC details
000 -LEADER
fixed length control field 00356nam a2200145Ia 4500
008 - FIXED-LENGTH DATA ELEMENTS--GENERAL INFORMATION
fixed length control field 191201s2011 xx 000 0 und d
082 ## - DEWEY DECIMAL CLASSIFICATION NUMBER
Classification number 670
Item number PAP
100 ## - MAIN ENTRY--PERSONAL NAME
Personal name PANDEY, P C
245 #0 - TITLE STATEMENT
Title Production Engineering and Science
250 ## - EDITION STATEMENT
Edition statement Rep.
260 ## - PUBLICATION, DISTRIBUTION, ETC. (IMPRINT)
Place of publication, distribution, etc N.Delhi
Name of publisher, distributor, etc Standard Publishere
Date of publication, distribution, etc 2011
300 ## - PHYSICAL DESCRIPTION
Extent 718
650 ## - SUBJECT ADDED ENTRY--TOPICAL TERM
Topical term or geographic name as entry element B.Tech(ME)
942 ## - ADDED ENTRY ELEMENTS (KOHA)
Source of classification or shelving scheme Dewey Decimal Classification
Koha item type Text Books
942 ## - ADDED ENTRY ELEMENTS (KOHA)
-- 8
Holdings
Withdrawn status Lost status Source of classification or shelving scheme Damaged status Not for loan Collection code Home library Current library Date acquired Source of acquisition Cost, normal purchase price Bill Number Total Checkouts Full call number Acc. no. / Barcode Date last seen Bill Date Koha item type Date last borrowed
    Dewey Decimal Classification     B.Tech(ME) PIET C-LIBRARY PIET C-LIBRARY 19/08/2009 J B C, New Delhi 200.00 SI-1807   670 PAP 13247 04/12/2019 28/07/2009 Text Books  
    Dewey Decimal Classification     B.Tech(ME) PIET C-LIBRARY PIET C-LIBRARY 19/08/2009 J B C, New Delhi 200.00 SI-1807 1 670 PAP 13248 05/10/2023 28/07/2009 Text Books 14/09/2023
    Dewey Decimal Classification     B.Tech(ME) PIET C-LIBRARY PIET C-LIBRARY 19/08/2009 J B C, New Delhi 200.00 SI-1807 1 670 PAP 13249 11/12/2020 28/07/2009 Text Books 18/11/2020
    Dewey Decimal Classification     B.Tech(ME) PIET C-LIBRARY PIET C-LIBRARY 19/08/2009 J B C, New Delhi 200.00 SI-1807   670 PAP 13250 04/12/2019 28/07/2009 Text Books  
    Dewey Decimal Classification     B.Tech(ME) PIET C-LIBRARY PIET C-LIBRARY 19/08/2009 J B C, New Delhi 200.00 SI-1807   670 PAP 13251 04/12/2019 28/07/2009 Text Books  
    Dewey Decimal Classification     B.Tech(ME) PIET C-LIBRARY PIET C-LIBRARY 19/08/2009 J B C, New Delhi 200.00 SI-1807   670 PAP 13252 14/12/2019 28/07/2009 Text Books  
    Dewey Decimal Classification     B.Tech(ME) PIET C-LIBRARY PIET C-LIBRARY 19/08/2009 J B C, New Delhi 200.00 SI-1807 6 670 PAP 13253 21/01/2023 28/07/2009 Text Books 19/01/2023
    Dewey Decimal Classification     B.Tech(ME) PIET C-LIBRARY PIET C-LIBRARY 19/08/2009 J B C, New Delhi 200.00 SI-1807   670 PAP 13254 04/12/2019 28/07/2009 Text Books  
    Dewey Decimal Classification     B.Tech(ME) PIET C-LIBRARY PIET C-LIBRARY 19/08/2009 J B C, New Delhi 200.00 SI-1807 1 670 PAP 13255 07/01/2021 28/07/2009 Text Books 23/12/2020
    Dewey Decimal Classification     B.Tech(ME) PIET C-LIBRARY PIET C-LIBRARY 19/08/2009 J B C, New Delhi 200.00 SI-1807   670 PAP 13256 04/12/2019 28/07/2009 Text Books  

Design & Developed by: PIET Central Library
R70 Miles Stone Pattikalyana Samalkha Panipat 132102
mail ID :- [email protected], Phone No:- 0180-2569700 Ex.216